Districts of Warsaw - Statistics

General Stats
  • This quiz has been taken 142 times
  • The average score is 14 of 18
Answer Stats
Answer % Correct
Praga-Północ
94%
Praga-Południe
92%
Śródmieście
91%
Wola
88%
Mokotów
86%
Żoliborz
84%
Bemowo
77%
Ursus
76%
Wilanów
74%
Ursynów
72%
Wawer
72%
Włochy
72%
Bielany
70%
Ochota
70%
Targówek
69%
Białołęka
68%
Wesoła
59%
Rembertów
58%
No matching quizzes found
Score Distribution
Percent of People with Each Score
Percentile by Number Answered
Your Score History
You have not taken this quiz